| 000 | 00607nam a2200193 i 4500 | ||
|---|---|---|---|
| 001 | 133070 | ||
| 003 | ES-MaACL | ||
| 005 | 20230906194322.0 | ||
| 007 | t| | ||
| 008 | 070214s1966 sp r ||||1| spa d | ||
| 100 | 1 |
_aRossi, Bruno. _999863 |
|
| 245 | 1 | 0 |
_aFundamentos de óptica / _cBruno Rossi ; versión de Enrique A. D'Alessio ; revisada por Juan T. D'Alessio. |
| 260 |
_aBarcelona : _bReverté, _c1966. |
||
| 300 |
_a488 p. : _bil. ; _c22 cm. |
||
| 650 | 0 | 4 |
_aOptica. _915726 |
| 700 | 1 |
_aD'Alessio, Enrique A. _942336 |
|
| 700 | 1 |
_aD'Alessio, Juan T. _942337 |
|
| 852 |
_aES-MaACL _jC-30279 _bR.60777 |
||
| 999 |
_c133070 _d133070 |
||